000 00441nam a2200157Ia 4500
008 240729s9999 xx 000 0 und d
022 _a2642-8679
245 0 _aJournal of Inclusive Postsecondary Education
260 _aUnited States
260 _bMason Journals
650 _a Special aspects of education
650 _aEducation
856 _uhttps://doaj.org/toc/f76e960d05394a62949fb25d18c1ea83
942 _2ddc
942 _cDOAJEJ
999 _c70126
_d70126
945 _a1
_bMadushi Gamage
_c1
_dMadushi Gamage